000 01217cam a22003497a 4500
003 CHAP
005 20220817042939.0
008 971013s r 00010 d
010 _a60852
011 _a61824
035 _a65992
040 _cCHAP
082 _a378
_bM44e
110 _aMéxico. Dirección General de Planeación Educativa
245 0 _aEstudios de postgrado en los institutos tecnológicos
_b: catálogo 198-
260 _aQuerétaro, Qro. :
_bLa Secretaría,
_c198-
300 _av.
500 _aLa biblioteca tiene : 1984
590 _aBATCH-UPD
_b10
_c20130110
_lUCH01
_h0239
590 _aBATCH-UPD
_b10
_c20130110
_lUCH01
_h1927
590 _aBATCH-UPD
_b10
_c20130409
_lUCH01
_h2305
590 _aBATCH-UPD
_b10
_c20130410
_lUCH01
_h1252
590 _aBATCH-UPD
_b10
_c20130914
_lUCH01
_h1245
590 _aCONVERSION
_b10
_c20130109
_lUCH01
_h1333
650 1 4 _aEducación superior.
650 1 4 _aEducación técnica
_xMéxico.
_935678
650 1 4 _aEstudios de postgrado
_xMéxico.
_938528
901 _aBK
942 _cLIBRO
949 _a378 M44e
_bBC
_cLIBRO
_d33724000397063
_eLIBRO
_f1984
_h66032
_i65992
_si
949 _a378 M44e
_bBC
_cLIBRO
_d33724000514527
_eLIBRO
_f1984 c.2
_h67582
_i65992
_si
999 _c60852
_d60852